Distancia cero: alias El libro irresistible, alias La reina de las morisquetas

Na minha lista:
Detalhes bibliográficos
Autor principal: Salvatierra, Rufus (Author)
Formato: Livro
Idioma:espanhol
Publicado em: Viña del Mar Altazor 2004
Assuntos:
Tags: Adicionar Tag
Sem tags, seja o primeiro a adicionar uma tag!

MARC

LEADER 00000cam a2200000 a 4500
001 UCF2203
003 CL-VaPUC
008 120810e20040000CL |||||||||||||||||spa|d
020 |a 9567472270 
082 0 4 |a 861  |b SAL  |2 21 
100 0 |a Salvatierra, Rufus  |e author  |9 563790 
245 1 0 |a Distancia cero: alias El libro irresistible, alias La reina de las morisquetas 
300 |a 144 p 
942 |c BK 
945 |d 20120810 00:00:00  |a dcastane 
260 |a Viña del Mar  |b Altazor  |c 2004 
650 0 |a Poesías hispanoamericanas  |9 267672 
650 0 |a Poesías chilenas   |9 265280 
583 |a last modification  |c 20120810 11:35:00  |k Rodrigo Vera 
999 |c 348804  |d 348802 
952 |0 0  |1 0  |4 0  |6 861_000000000000000_SAL_2004  |7 0  |8 C  |9 450990  |a BIBCUR  |b BIBCUR  |d 2019-11-22  |i 4892607  |o 861 SAL 2004  |p 4892607  |r 2025-04-22  |w 2019-11-22  |y BK  |k CAC 
952 |0 0  |1 0  |4 0  |6 861_000000000000000_SAL_2004  |7 0  |8 A  |9 450991  |a BIBING  |b BIBING  |d 2019-11-22  |i 4891961  |o 861 SAL 2004  |p 4891961  |r 2025-01-20  |w 2019-11-22  |y BK  |k CUI 
952 |0 0  |1 0  |4 0  |6 861_000000000000000_SAL_2004  |7 0  |8 A  |9 450992  |a BIBEDU  |b BIBEDU  |d 2019-11-22  |i 4892194  |l 1  |o 861 SAL 2004  |p 4892194  |r 2023-08-21  |s 2023-08-21  |w 2019-11-22  |y BK  |k CUE